| 000 | 00992nam a2200289 a 4500 | ||
|---|---|---|---|
| 001 | 000030885 | ||
| 003 | DO-SdBNP | ||
| 005 | 20250127074917.0 | ||
| 007 | ta | ||
| 008 | 110603s1970 nyuabc 000 | eng d | ||
| 040 |
_aDO-SdBNP _bspa _cBNPHU _erda |
||
| 041 | _hspa | ||
| 082 |
_axxx _bS631i _222 |
||
| 100 | 1 |
_aSlater, Jerome _eautor _952891 |
|
| 245 | 1 | 0 |
_aIntervention and negotiation : _bthe United States and the Dominican revolution / _cJerome Slater ; prólogo profesor Hans J. Morgenthau. |
| 264 |
_aNew York : _bHarper & Row, _c1970. |
||
| 300 |
_a254 páginas : _bilustraciones mapas, retratos. ; _c21 cm. |
||
| 336 |
_ardacontent _btexto _2txt |
||
| 337 |
_ardamedia _bsin mediación _2n |
||
| 338 |
_ardacarrier _bvolumen _2nc |
||
| 500 | _aIncluye índice onomástico. | ||
| 504 | _aIncluye referencias bibliográficas y notas al pie de páginas. | ||
| 590 | _aInventariado, 2025/DG | ||
| 700 | 1 |
_aMorgenthau, Hans J., _eprólogo _952893 |
|
| 910 | _aDG | ||
| 942 |
_2ddc _cLBS1 |
||
| 999 |
_c30377 _d30377 |
||